The National Self-Portrait Collection of Irland/ (Record no. 2318)

MARC details
000 -LEADER
campo de control de longitud fija 00548nam a22001817a 4500
003 - IDENTIFICADOR DE NÚMERO DE CONTROL
campo de control OSt
005 - FECHA Y HORA DE LA ÚLTIMA TRANSACCIÓN
campo de control 20221014141919.0
008 - DATOS DE LONGITUD FIJA--INFORMACIÓN GENERAL
campo de control de longitud fija 221012b |||||||| |||| 00| 0 eng d
040 ## - FUENTE DE CATALOGACIÓN
Centro/agencia transcriptor Biblioteca Lado V
082 ## - NÚMERO DE LA CLASIFICACIÓN DECIMAL DEWEY
Número de clasificación 708
Número de ítem F511n
100 ## - ENTRADA PRINCIPAL--NOMBRE DE PERSONA
9 (RLIN) 185
Nombre de persona Finlay, Sarah
Término indicativo de función/relación editora
245 ## - MENCIÓN DEL TÍTULO
Título The National Self-Portrait Collection of Irland/
260 ## - PUBLICACIÓN, DISTRIBUCIÓN, ETC.
Nombre del editor, distribuidor, etc. University of Limerick Press
Fecha de publicación, distribución, etc. 1989
Lugar de publicación, distribución, etc. Irlanda
300 ## - DESCRIPCIÓN FÍSICA
Extensión 258p.
Dimensiones 22x24cm
490 ## - MENCIÓN DE SERIE
Designación de volumen o secuencia volumen I
700 ## - ENTRADA AGREGADA--NOMBRE PERSONAL
Nombre de persona Blondet S., Jose Luis
Término indicativo de función/relación autor
942 ## - ELEMENTOS DE ENTRADA SECUNDARIOS (KOHA)
Fuente del sistema de clasificación o colocación Clasificación Decimal Dewey
Tipo de ítem Koha Libros
Parte de la signatura que corresponde a la clasificación (Parte de la clasificación) 708
Parte de la signatura que identifica el ejemplar (Parte del ítem) F511n
Suprimir en OPAC No
Holdings
Estatus retirado Estado de pérdida Fuente del sistema de clasificación o colocación Estado de daño No para préstamo Biblioteca de origen Biblioteca actual Fecha de adquisición Número de inventario Total de préstamos Signatura topográfica completa Código de barras Visto por última vez Precio de reemplazo Tipo de ítem Koha
    Clasificación Decimal Dewey     Biblioteca LadoV Biblioteca LadoV 14/10/2022 001649   708 F511n 001649 14/10/2022 14/10/2022 Libros